Представление документа в формате RUSMARC

ПолеНазваниеЗначение
  Тип записи a
  Библиографический уровень m
001 Контрольный номер RU/ГПНТБ России/KNIGADB/84(2Рос=411.2)6/Б 89-365046080
005 Дата корректировки 20250604111306.1
010 Индекс ISBN __
a ISBN 978-5-4484-0541-9
b Уточнения в пер.
9 Тираж 800 экз.
d Цена 792-33
100 Данные общей обработки __
a Данные общей обработки 20210209d2018####m y0rusy028902 ca
101 Язык документа 0_
a Язык текста rus
102 Страна публикации __
a Страна публикации RU
105 Кодированные данные (монография) __
a Кодированные данные (монография) y z 000ay
181 Поле кодированных данных: вид содержания _0
a Код вида содержания (ISBD) i
182 Поле кодированных данных: тип средства _0
a Код типа средства (ISBD) n
200 Заглавие и сведения об ответственности 1_
a Заглавие По ту сторону фронта
e Сведения, относящиеся к заглавию роман
f Первые сведения об ответственности Георгий Брянцев
203 Вид содержания и тип средства __
a Вид содержания Текст
c Тип средства непосредственный
210 Выходные данные 1_
a Место издания Москва
c Издательство Вече
d Дата издания 2018
215 Физическое описание __
a Объем 334, [1] с.
d Формат 21 см
225 Серия 2_
a Серия Проза Великой Победы
330 Аннотация __
a Аннотация Один из самых популярных авторов военно-приключенческого жанра Г. М. Брянцев (1904-1960) - участник Великой Отечественной войны, военный разведчик, не раз ходивший за линию фронта и сражавшийся бок о бок с народными мстителями против немецко-фашистских захватчиков. Роман "По ту сторону фронта" посвящен всем безвестным героям, сложившим головы за свободу Отчизны в глубоком тылу врага.
333 Примечание о целевом назначении __
a Примечание о целевом назначении 12+. Для детей старше 12 лет
606 Тематические рубрики __
a Основная рубрика Художественная литература
606 Тематические рубрики __
a Основная рубрика Русская литература XX в. (произведения)
610 Ключевые слова 0_
a Ключевые слова романы
610 Ключевые слова 0_
a Ключевые слова тема войны
610 Ключевые слова 0_
a Ключевые слова тема разведки
610 Ключевые слова 0_
a Ключевые слова тема борьбы
610 Ключевые слова 0_
a Ключевые слова тема Великой Отечественной войны
610 Ключевые слова 0_
a Ключевые слова тема героизма
610 Ключевые слова 0_
a Ключевые слова тема мужества
610 Ключевые слова 0_
a Ключевые слова военная проза
686 Индексы других классификаций __
2 Код системы rubbks
a Классификационный индекс 84(2=411.2)6-4; ст84(2=411.2)6-4
700 Автор _1
a Фамилия Брянцев
b Имя Г. М.
g Полное личное имя Георгий Михайлович
f Даты 1904-1960
4 Код отношения 070
801 Источник записи _0
b Организация ГПНТБ России
a Страна RU
c Дата составления 20210209
g Правила каталогизации PSBO
801 Источник записи _1
b Организация ГПНТБ России
a Страна RU
c Дата составления 20210209
g Правила каталогизации PSBO
852 Данные о местонахождении 5_
j Шифр хранения 84(2=411.2)6-4
i Авторский знак Б 89
900 Макрообъекты __
a Макрообъекты По ту сторону фронта, 2018
901 Тип документа __
a Ответственный ООФиК/Волкова
t Тип документа m
903 Характеристики (МАРС) __
a Дата передачи 20210226
c Наименование библиотеки (МАРС) Муниципальное бюджетное учреждение культуры "Централизованная библиотечная система" г. Сургут (Центральная городская библиотека им. А. С. Пушкина)
990 Данные о заказе (DOS) __
j Количество экземпляров (DOS) 1
t N записи в КСУ для И/У (DOS) 202103